[Event "4NCL 2010-11"]
[Site "Daventry ENG"]
[Date "2010.11.06"]
[Round "1.11"]
[White "Emms, John M"]
[Black "Eggleston, David J"]
[Result "1/2-1/2"]
[WhiteTitle "GM"]
[BlackTitle "FM"]
[WhiteElo "2475"]
[BlackElo "2307"]
[WhiteTeam "Pride & Prejudice"]
[BlackTeam "Cheddleton"]
[WhiteFideId "400254"]
[BlackFideId "412120"]
[EventDate "2010.11.06"]

1. e4 c5 2. c3 e6 3. Nf3 d5 4. exd5 exd5 5. d4 Bd6 6. dxc5 Bxc5 7. Bb5+ Nc6 8.
O-O Ne7 9. Nbd2 O-O 10. Nb3 Bd6 11. Bd3 Bf5 12. Re1 Qd7 13. Be3 Rad8 14. Bc5
Rfe8 15. Bxd6 Qxd6 16. Bxf5 Nxf5 17. Qd3 g6 18. g3 Rxe1+ 19. Rxe1 a6 20. Kg2 h5
21. Nbd4 Nfxd4 22. Nxd4 Kg7 23. Nxc6 Qxc6 24. Qd4+ Kg8 25. Re7 b5 26. h3 Qd6 27.
Re5 Qc6 28. b3 Rd6 29. a3 Rd8 30. a4 bxa4 31. bxa4 a5 32. h4 Qd7 33. Kh2 Qd6 34.
Kg1 Qd7 35. Kg2 Qd6 36. Kg1 Qd7 37. Qc5 Qxa4 38. Qe7 Qd7 39. Qxd7 Rxd7 40. Re8+
Kg7 41. Ra8 Re7 42. Rxa5 Rc7 43. Rxd5 1/2-1/2

[Event "4NCL 2010-11"]
[Site "Daventry ENG"]
[Date "2010.11.06"]
[Round "1.18"]
[White "Townsend, M Paul"]
[Black "Jackson, James P"]
[Result "1-0"]
[WhiteElo "2266"]
[BlackElo "2146"]
[WhiteTeam "White Rose"]
[BlackTeam "e2e4.org.uk"]
[WhiteFideId "402320"]
[BlackFideId "416860"]
[EventDate "2010.11.06"]

1. d4 Nf6 2. c4 e6 3. g3 d5 4. Bg2 Nc6 5. Nf3 dxc4 6. Qa4 Bb4+ 7. Bd2 Nd5 8.
Bxb4 Nxb4 9. O-O a6 10. Nc3 Bd7 11. a3 b5 12. Qd1 Nd5 13. e4 Nxc3 14. bxc3 O-O
15. Qc2 Qe7 16. e5 Na5 17. h4 h6 18. Nd2 Rab8 19. f4 c5 20. d5 exd5 21. Bxd5 Be6
22. Bxe6 Qxe6 23. Ne4 Qb6 24. Qf2 Nb3 25. Rad1 Rbd8 26. f5 Rxd1 27. Rxd1 Rd8 28.
Rd6 Rxd6 29. exd6 f6 30. Qf3 Kf8 31. Qd1 Na5 32. Qd5 Nb7 33. Kh2 a5 34. Qe6 b4
35. Qc8+ Kf7 36. Qc7+ 1-0

[Event "4NCL 2010-11"]
[Site "Daventry ENG"]
[Date "2010.11.07"]
[Round "2.11"]
[White "Hebden, Mark L"]
[Black "Wheeler, Darren P"]
[Result "0-1"]
[WhiteTitle "GM"]
[WhiteElo "2560"]
[BlackElo "2236"]
[WhiteTeam "Pride & Prejudice"]
[BlackTeam "The ADs"]
[WhiteFideId "400084"]
[BlackFideId "410136"]
[EventDate "2010.11.06"]

1. d4 e6 2. Nf3 d5 3. c4 c5 4. e3 Nc6 5. cxd5 exd5 6. Bb5 Bd6 7. O-O Ne7 8. dxc5
Bxc5 9. b3 O-O 10. Ba3 Bxa3 11. Nxa3 Qa5 12. Bxc6 bxc6 13. Nc2 c5 14. Qd2 Qxd2
15. Nxd2 Ba6 16. Rfc1 Rfd8 17. e4 c4 18. b4 d4 19. b5 Bxb5 20. Na3 c3 21. Nxb5
cxd2 22. Rd1 Rab8 23. Na3 Rdc8 24. Kf1 d3 25. Nb1 Rb2 26. Nxd2 Rcc2 27. Ke1 f5
28. Rac1 Rxc1 29. Rxc1 fxe4 30. Rc4 Nd5 31. Rxe4 Rxa2 32. Nc4 Nc3 33. Rd4 d2+
34. Nxd2 Ra1+ 35. Nb1 Rxb1+ 36. Kd2 Nb5 37. Rd7 Rb2+ 38. Ke3 a5 39. Rd8+ Kf7 40.
Ra8 Rb3+ 41. Kf4 Rb4+ 42. Ke5 a4 43. f4 Rc4 44. f5 Rc5+ 45. Kf4 a3 46. g4 Rc7 0-1

[Event "4NCL 2010-11"]
[Site "Daventry ENG"]
[Date "2010.11.07"]
[Round "2.13"]
[White "Hawkins, Jonathan"]
[Black "Burrows, Martin P"]
[Result "1/2-1/2"]
[WhiteTitle "IM"]
[WhiteElo "2429"]
[BlackElo "2174"]
[WhiteTeam "Cheddleton"]
[BlackTeam "Pandora's Box Grantham"]
[WhiteFideId "412686"]
[BlackFideId "409057"]
[EventDate "2010.11.06"]

1. d4 Nf6 2. c4 e6 3. g3 d5 4. Bg2 dxc4 5. Nf3 Nc6 6. Qa4 Bb4+ 7. Bd2 Nd5 8.
Bxb4 Nxb4 9. O-O Rb8 10. Na3 O-O 11. Qb5 a6 12. Qxc4 b5 13. Qb3 Qd6 14. Nc2 Nxc2
15. Qxc2 Bb7 16. Rfd1 Nb4 17. Qd2 Be4 18. a3 Nd5 19. Ng5 Bxg2 20. Kxg2 Nf6 21.
b4 Qd5+ 22. f3 h6 23. Nh3 e5 24. e4 Qxd4 25. Qxd4 exd4 26. Rxd4 Rfd8 27. Rad1
Rxd4 28. Rxd4 c5 29. bxc5 Rc8 30. Rd6 Rxc5 31. Rxa6 Rc2+ 32. Nf2 Nd7 33. f4 Ra2
34. Ra8+ Kh7 35. Ra5 Nc5 36. Kf1 Ra1+ 37. Kg2 Ra2 38. Kf3 Nb3 39. Ra7 Nd2+ 40.
Kg4 Nc4 41. Nd3 Rxa3 42. Rxa3 Nxa3 43. Kf5 Nc4 44. h3 Kg8 45. e5 Nd2 46. g4 Kf8
47. e6 fxe6+ 48. Kxe6 Nf3 49. Kd5 Ng1 50. h4 h5 51. gxh5 Nf3 52. Ke6 Nxh4 53. f5
Nf3 54. Kd5 Kf7 55. Ke4 Nd2+ 56. Kf4 Nc4 57. Nb4 Nd6 58. Nd5 Ne8 59. Kg5 Nf6 60.
Nb4 1/2-1/2

[Event "4NCL 2010-11"]
[Site "Barcelo Hotel, Hinckley Island"]
[Date "2011.01.15"]
[Round "3.15"]
[White "Dorrington, Chris J"]
[Black "Gordon, Stephen J"]
[Result "0-1"]
[BlackTitle "GM"]
[WhiteElo "2263"]
[BlackElo "2528"]
[WhiteTeam "Barbican 4NCL 2"]
[BlackTeam "Wood Green, Hilsmark Kingfisher 1"]
[WhiteFideId "410462"]
[BlackFideId "411477"]
[EventDate "2010.11.06"]

1. d4 Nf6 2. c4 e6 3. Nc3 Bb4 4. e3 O-O 5. Ne2 d5 6. a3 Bd6 7. Ng3 c5 8. cxd5
exd5 9. Be2 Be6 10. O-O cxd4 11. exd4 Nc6 12. Na4 Ne4 13. Be3 Qh4 14. Nc5 Nxd4
15. Nxb7 Nf5 16. Nxd6 Nxe3 17. fxe3 Nxd6 18. Rf4 Qe7 19. Qd4 a5 20. Bd3 Qa7 21.
Qe5 Rae8 22. Rd4 Nc4 23. Bxc4 dxc4 24. Ne4 Qb8 25. Qxa5 Qxb2 26. Rf1 f6 27. Qc5
Qb3 28. Rd6 Bf7 29. Qd4 Bg6 30. Nc3 Qxa3 31. Rd7 Qa6 32. Rf4 Qe6 33. Kf2 Rf7 34.
Rd8 Rxd8 35. Qxd8+ Rf8 36. Qd4 Bd3 37. e4 Ra8 38. Kg3 Qe5 39. Qd7 g5 0-1

[Event "4NCL 2010-11"]
[Site "Reading ENG"]
[Date "2011.02.19"]
[Round "5.12"]
[White "Bhatia, Kanwal K"]
[Black "Yurenok, Maria S"]
[Result "1-0"]
[WhiteTitle "WFM"]
[BlackTitle "WFM"]
[WhiteElo "2087"]
[BlackElo "2071"]
[WhiteTeam "Barbican 4NCL 2"]
[BlackTeam "Betsson.com"]
[WhiteFideId "407496"]
[BlackFideId "409359"]
[EventDate "2010.11.06"]

1. e4 c5 2. c3 d5 3. exd5 Qxd5 4. d4 Nf6 5. Nf3 Bg4 6. dxc5 Qxd1+ 7. Kxd1 Nc6 8.
b4 g6 9. Nd2 O-O-O 10. Kc2 Bf5+ 11. Kb3 Ng4 12. Bb5 Nxf2 13. Rf1 Nd3 14. Bxc6
bxc6 15. Nd4 Bh6 16. Nc4 Nxc1+ 17. Raxc1 Bxc1 18. Rxc1 Be4 19. Na5 Kc7 20. Re1
Bd5+ 21. Ka3 Rhe8 22. b5 Rb8 23. c4 Bxc4 24. Nxc4 cxb5 25. Ne5 f6 26. Ne6+ Kc8
27. Nf3 Kd7 28. Nfd4 Rec8 29. Kb4 a6 30. Ka5 Ra8 31. Rc1 f5 32. c6+ Kd6 33. c7
Kd5 34. Kb6 Rg8 35. Rc6 f4 36. Kb7 Rgc8 37. Nf3 h6 38. Nxf4+ Ke4 39. Ne6 g5 40.
Nfd4 Ke5 41. Nf3+ Ke4 42. Rxa6 Rxa6 43. Kxa6 Kd5 44. Kb7 Rg8 45. Nd8 1-0

[Event "4NCL 2010-11"]
[Site "Reading ENG"]
[Date "2011.02.20"]
[Round "6"]
[White "Rogers, Jonathan W"]
[Black "Rose, Matthew"]
[Result "1/2-1/2"]
[WhiteTitle "FM"]
[WhiteElo "2338"]
[BlackElo "2276"]
[WhiteTeam "Barbican 4NCL 1"]
[BlackTeam "Oxford"]
[WhiteFideId "402052"]
[BlackFideId "407941"]
[EventDate "2010.11.06"]

1. b4 d5 2. Nf3 Qd6 3. a3 e5 4. e3 Bg4 5. Bb2 f6 6. d4 e4 7. h3 Be6 8. Nfd2 f5
9. c4 c6 10. Nc3 Nf6 11. Rc1 a6 12. Na4 Nbd7 13. cxd5 cxd5 14. Nc5 Rb8 15. b5
Be7 16. Ndb3 axb5 17. Bxb5 O-O 18. O-O b6 19. Nxe6 Qxe6 20. Rc6 Bd6 21. Qe2 Qe7
22. a4 f4 23. exf4 Bxf4 24. Bc1 Bxc1 25. Rfxc1 Rf7 26. Rc8+ Rxc8 27. Rxc8+ Rf8
28. Rc7 Qd6 29. Qc2 h6 30. Nd2 Rf7 31. Nf1 Nf8 32. Rc8 Qb4 33. Qd2 Qxd2 34. Nxd2
Re7 35. Rb8 Re6 36. Nc4 dxc4 37. Bxc4 Kf7 38. Rxf8+ Kxf8 39. Bxe6 Ke7 40. Bb3
Kd6 41. Kf1 Nd5 42. Ke2 Nf4+ 43. Ke3 Nxg2+ 44. Kxe4 g5 45. Kf3 Ne1+ 46. Kg4 Nd3
47. f3 Nf2+ 48. Kg3 Nd3 49. Bc4 Ne1 50. f4 Nc2 51. fxg5 hxg5 52. Ba2 Nxd4 53.
Kg4 Ke5 54. Kxg5 Nf3+ 55. Kg6 Nh4+ 56. Kh5 Nf3 57. h4 Kf6 58. Bd5 Nd4 59. Bc4
Nf5 60. Bd3 Ne3 61. Kh6 Ng4+ 62. Kh7 Ne5 63. Be4 Nf7 64. Bd5 Nd6 65. h5 Nf5 66.
Be4 Ne7 67. h6 Kf7 68. Bc2 Kf6 69. Bd3 Kf7 70. Bb5 Kf6 71. Be8 Nf5 72. Bg6 Ne7
73. Bh5 Nf5 74. Bg4 Ne7 75. Bd1 Kf7 76. Bb3+ Kf6 77. Bc2 Nf5 78. Bb1 1/2-1/2